Responses for show #1658 - Wednesday, November 13, 1991

1991 Tournament of Champions semifinal game 3.

Contestants

Lois Kurowski, a doctoral fellow from Elkhart, Indiana

Steve Robin, a marketing consultant from Scottsdale, Arizona

Scott Gillispie, a graduate student and College Tournament winner from Atlanta, Georgia

Jeopardy! Round responses

SHAKESPEARE
PRINCETON
THE FUNNIES
JUST DESSERTS
FAMOUS LLOYDS
BRIDGES
    $100 1
Romeo and Juliet

Steve
    $100 11
Declaration of Independence

Lois
    $100 21
B.C.

Lois
    $100 6
milk

Steve
    $100 26
Lloyd Bentsen

Lois
    $100 16
Brooklyn Bridge

Lois
    $200 2
Othello

Scott
    $200 12
Scott Fitzgerald

Steve
    $200 22
Blondie and Dagwood

Steve
    $200 7
Italy

Steve
    $200 27
(Andrew Lloyd) Webber

Scott
    $200 17
Bridge of Sighs

Steve
    $300 3
Hamlet

Scott
    $300 13
1969

Steve
    $300 23
Alley Oop

Scott
    $300 8
molasses

Triple Stumper
    $300 28
Lloyd George

Steve
    $300 18
Tiber

Steve
    $400 4
Shylock

Steve
    $400 14
capital

Lois
    $400 24
Garfield

Lois
    $400 9
crème brûlée

Steve
    $400 29
William Lloyd Garrison

Scott
    $400 19
Baltimore

Lois
    $500 5
Goneril

Steve
    $500 15
Louis Rukeyser

Lois
    $500 25
Bill Mauldin

Lois
    $500 10
(Dobos) torte

Lois
    $500 30
Lloyd Nolan

Steve
    $500 20
Royal Gorge

Triple Stumper

Scores at the first commercial break (after clue 13):

Scott Steve Lois
$500 $2,200 $600

Scores at the end of the Jeopardy! Round:

Scott Steve Lois
$1,400 $3,700 $3,100

Double Jeopardy! Round responses

THE 14th CENTURY
OPERA SINGERS
LITERATURE
POLITICS
ISLANDS
PHYSICS
    $200 7
Wenceslas

Lois
    $200 3
Luciano Pavarotti

Lois
    $200 1
Richmond

Lois
    $200 2
Gary

Steve
    $200 18
Greenland

Scott
    $200 26
liquid

Steve
    $400 8
Great Schism

Scott
    $400 5
(Placido) Domingo

Steve
    $400 14
Dorian Gray

Lois
    $400 4
(Robert) Byrd

Steve
    $400 19
Outer Hebrides

Lois
    $400 27
lens

Scott
    $600 9
100 Years War

Scott
    $600 6
Caruso

Scott
    $600 15
Jane Austen

Lois
    $600 25
(Cordell) Hull

Scott
    $600 20
Komodo

Scott
    $600 28
acoustics

Steve
    $800 10
astrolabe

Scott
    $2,000 12
Kiri Te Kanawa

Steve
    $800 16
Flaubert

Lois
    $800 23
Gramm–Rudman

Lois
    $800 21
Malaysia

Scott
    $800 29
Faraday

Steve
    $1000 11
Alhambra

Steve
    $1000 13
Chaliapin

Steve
    $1000 17
Balzac

Steve
    $3,100 24
(Lois: Who is Samuel Tilden?)

James G. Blaine

Lois
    $1000 22
Isle of Man

Scott
    $1000 30
hydrogen

Scott

Scores at the end of the Double Jeopardy! Round:

Scott Steve Lois
$8,400 $11,300 $3,600

[wagering suggestions for these scores]

Final Jeopardy! Round responses

AFRICAN AMERICANS
(Alex: Scott, congratulations, we'll have you back here tomorrow.)
LoisWho was Marian Anderson?
$3,599
ScottWho is Harriet Tubman
$8,400
SteveWho was Harriet Tubman
$5,501
Harriet Tubman

Final scores:

Scott Steve Lois
$16,800 $16,801 $1
2nd place: $5,000 + Jeopardy! 25th Anniversary home game or computer version Finalist 3rd place: $5,000+ Jeopardy! 25th Anniversary home game or computer version

Game dynamics:

Coryat scores:

Scott Steve Lois
$8,400 $10,100 $6,700
16 R,
0 W
23 R
(including 2 DDs),
0 W
18 R,
1 W
(including 1 DD)

Combined Coryat: $25,200

The J! Archive is created by fans, for fans. The Jeopardy! game show and all elements thereof, including but not limited to copyright and trademark thereto, are the property of Jeopardy Productions, Inc. and are protected under law. This website is not affiliated with, sponsored by, or operated by Jeopardy Productions, Inc. Join the discussion at JBoard.tv.